00321nam a2200133Ia 4500003000500000005001700005008004100022020001300063100002300076245002200099250001100121260003700132300001800169SISC20180213155215.0180205s9999 xx 000 0 und d a72823402 aDornbusch, Rudiger aMacro economics / a9th ed aPhilippines :bPhilippinesc2005 aix, 613 pages